Statistics for 2022 FIFA World Cup Round of 16 - Netherlands - United States

Click here to take the quiz!

General Stats

  • This quiz has been taken 117 times
  • The average score is 20 of 34

Answer Stats

Player% Correct
Virgil van Dijk
92%
Memphis Depay ¹
87%
Christian Pulisic
86%
Frenkie de Jong
86%
Denzel Dumfries ¹
81%
Timothy Weah
79%
Cody Gakpo
78%
Daley Blind ¹
77%
Matt Turner
77%
Tyler Adams
77%
Sergiño Dest
73%
Weston McKennie
70%
Nathan Aké
68%
Walker Zimmerman
68%
Louis van Gaal
66%
Matthijs de Ligt
64%
Yunus Musah
58%
Jurriën Timber
57%
Andries Noppert
55%
Antonee Robinson
55%
Davy Klaassen
55%
Brenden Aaronson
49%
Giovanni Reyna
49%
Tim Ream
49%
Marten de Roon
48%
Steven Bergwijn
48%
Haji Wright ¹
47%
Wout Weghorst
45%
Jesús Ferreira
39%
Teun Koopmeiners
36%
DeAndre Yedlin
34%
Gregg Berhalter
34%
Xavi Simons
29%
Jordan Morris
25%

Score Distribution

Percentile by Number Answered

Percent of People with Each Score

Your Score History

You have not taken this quiz